00309nam a22001337a 4500003000400000020001800004082001400022100001800036245004100054250001300095260004600108300000800154650001300162SGT a9789356967298 a610bC25A aAlagappan, R. aClinical Medicine for Dental studens a4th Ed.  aNew Delhi, IndiabJaypee Publishersc2025 a472 aMedicine